Bezpečnostná situácia v medzinárodných vzťahoch a fenomén chudoby

Guardado en:
Detalles Bibliográficos
Autor principal: Liďák, Ján
Formato: Capítulo de libro
Lenguaje:eslovaco
Etiquetas: Agregar Etiqueta
Sin Etiquetas, Sea el primero en etiquetar este registro!

MARC

LEADER 00000naa$a2200000$$$4500
001 0062863
005 20240502071720.3
041 0 |a slo 
044 |a SK 
245 1 0 |a Bezpečnostná situácia v medzinárodných vzťahoch a fenomén chudoby  |c Ján Liďák 
100 1 |a Liďák, Ján